000 00276nam a2200121Ia 4500
005 20251222140031.0
008 251222s1900||||xx |||||||||||||| ||spa||
082 _a184/P66I
100 _aPlatón
245 0 _aDiálogos Apócrifos y Dudosos:
264 _bEUDEBA
942 _cLIB
999 _c2973
_d2973